000 01131nam a2200313Ia 4500
003 OSt
005 20221007124819.0
006 a|||||r|||| 00| 0
007 ta
008 221006b |||||||| |||| 00| 0 eng d
020 _a9783540729921 (HBK)
024 _a196686
037 _b229, 03/03/2017, Deepika Book Agency
_cTextual
040 _aCDL
_cCDL
_beng
041 _2eng
_aeng
082 _aE:221, Q6-:4 Carc
100 _aBrechignac ED. Catherine
_9720597
245 0 _aNanomaterials and nanochemistry
_b Houdy Philippe Lahmani Marcel
260 _aNew
_bYork Springer Berlin
_c2007
300 _axxx, 747p. ill.
_ccm.
500 _aIndex 717-747p.
650 _a Physical and chemical properties
_9720598
650 _a Synthesis of nanomaterials and nanoparticles
_9720599
650 _aPrinciples and fundamental properties
_9720600
700 _a Houdy Philippe
_9720601
700 _a Lahmani Marcel
_9720602
942 _hE:221, Q6-:4 Carc
_cTEXL
_2CC
999 _c1214171
_d1214171